Geography by 4's - Statistics

General Stats
  • This quiz has been taken 1,985 times
  • The average score is 23 of 36
Answer Stats
Hint Answer % Correct
Biggest four countries by area Russia
100%
Russia
100%
Canada
98%
China
96%
Four largest producers of gold China
96%
Top four longest rivers Nile
96%
Amazon
92%
Bern
85%
Four biggest cities in India Mumbai
83%
Delhi
81%
Monaco
80%
Top four smallest countries by area Vatican CIty
79%
Four largest cities in Switzerland Zurich
79%
Four biggest islands of Japan Honshu
71%
Geneva
70%
Four Corner States Colorado
68%
Australia
67%
Utah
67%
Mississippi
66%
Arizona
65%
Hokkaido
63%
New Mexico
63%
Nauru
62%
Yangtze
60%
United States
55%
United States
55%
Yerevan
50%
Tuvalu
46%
Basel
42%
Kyushu
40%
Hyderabad
38%
Yaounde
33%
Shikoku
30%
Yaren
29%
Four Capitals beginning with Y Yamoussoukro
27%
Bengaluru
15%
No matching quizzes found
Score Distribution
Percent of People with Each Score
Percentile by Number Answered
Your Score History
You have not taken this quiz